书目信息 |
| 题名: |
建筑经济
|
|
| 作者: | 谢维义 编 | |
| 分册: | ||
| 出版信息: | 北京 中国建筑工业出版社 1998.12 |
|
| 页数: | 169页 | |
| 开本: | 16开 | |
| 丛书名: | ||
| 单 册: | ||
| 中图分类: | F407.9 | |
| 科图分类: | ||
| 主题词: | 工业经济--经济理论 | |
| 电子资源: | ||
| ISBN: | 7-112-03546-5 | |
| 000 | 00509nam0 2200181 45 | |
| 001 | 0011200807 | |
| 005 | 20160429095500.97 | |
| 010 | @a7-112-03546-5@d11.40元 | |
| 100 | @a20001120d1998 km y0chiy0120 ea | |
| 101 | 0 | @achi |
| 200 | 1 | @a建筑经济@AJian Zhu Jing Ji@f谢维义编@FXie Wei Yi Bian |
| 210 | @a北京@c中国建筑工业出版社@d1998.12 | |
| 215 | @a169页@d16开 | |
| 606 | 0 | @a工业经济@x经济理论 |
| 690 | @aF407.9@v3 | |
| 701 | 0 | @a谢维义@4编 |
| 801 | @aCN@bPftUser@c20001120 | |
| 905 | @b416678-682@dF407.9@eX927@f5 | |
| 建筑经济/谢维义编.-北京:中国建筑工业出版社,1998.12 |
| 169页;16开 |
| ISBN 7-112-03546-5:11.40元 |
| ● |
| 相关链接 |
|
|
|
正题名:建筑经济
索取号:F407.9/X927
 
预约/预借
| 序号 | 登录号 | 条形码 | 馆藏地/架位号 | 状态 | 备注 |
| 1 | 1223027 | 212230272 | 管理学院资料室/ [索取号:F407.9/X927] | 在馆 | |
| 2 | 416678 | 204166785 | 社科二线422/409社科库 35排1列1层/ [索取号:F407.9/X927] | 在馆 | |
| 3 | 416679 | 204166794 | 社科二线422/409社科库 35排1列1层/ [索取号:F407.9/X927] | 在馆 | |
| 4 | 416680 | 204166801 | 社科库409/409社科库 35排1列1层/ [索取号:F407.9/X927] | 在馆 | |
| 5 | 416681 | 204166810 | 社科库409/409社科库 53排6列1层/ [索取号:F407.9/X927] | 在馆 | |
| 6 | 416682 | 204166829 | 社科二线422/409社科库 35排1列1层/ [索取号:F407.9/X927] | 在馆 |